| 000 -LEADER |
| fixed length control field |
00927cam a2200253 a 4500 |
| 005 - DATE AND TIME OF LATEST TRANSACTION |
| control field |
20131016052446.0 |
| 008 - FIXED-LENGTH DATA ELEMENTS--GENERAL INFORMATION |
| fixed length control field |
950630s1996 nyu b 001 0 eng |
| 020 ## - INTERNATIONAL STANDARD BOOK NUMBER |
| International Standard Book Number |
0195096606 |
| 020 ## - INTERNATIONAL STANDARD BOOK NUMBER |
| International Standard Book Number |
0195096614 |
| 041 0# - LANGUAGE CODE |
| Language code of text/sound track or separate title |
eng |
| 080 ## - UNIVERSAL DECIMAL CLASSIFICATION NUMBER |
| Universal Decimal Classification number |
32 |
| 245 00 - TITLE STATEMENT |
| Title |
Becoming national : |
| Statement of responsibility, etc |
edited by Geoff Eley and Ronald Grigor Suny. |
| 260 ## - |
| -- |
New York : |
| -- |
Oxford University Press, |
| -- |
1996. |
| 300 ## - |
| -- |
vi, 518 p. ; |
| -- |
24 cm. |
| 504 ## - BIBLIOGRAPHY, ETC. NOTE |
| Bibliography, etc |
Includes bibliographical references and index. |
| 650 #0 - |
| -- |
Nacionalizmi |
| 650 #0 - |
| -- |
Politika botërore |
| 700 1# - |
| -- |
Eley, Geoff, |
| -- |
1949- |
| 700 1# - |
| -- |
Suny, Ronald Grigor. |
| 856 42 - |
| -- |
Book review (H-Net) |
| -- |
http://www.h-net.org/review/hrev-a0a8r8-aa |
| 856 42 - |
| -- |
Publisher description |
| -- |
http://www.loc.gov/catdir/enhancements/fy0603/95034438-d.html |
| 856 41 - |
| -- |
Table of contents only |
| -- |
http://www.loc.gov/catdir/enhancements/fy0603/95034438-t.html |
| 942 ## - ADDED ENTRY ELEMENTS (KOHA) |
| Source of classification or shelving scheme |
|
| Item type |
Books |